| 000 | 00742nam a2200253Ia 4500 | ||
|---|---|---|---|
| 003 | OSt | ||
| 005 | 20220926021007.0 | ||
| 006 | a|||||r|||| 00| 0 | ||
| 007 | ta | ||
| 008 | 220923b |||||||| |||| 00| 0 eng d | ||
| 020 | _a033373808X | ||
| 037 | _cGeneral Book | ||
| 040 |
_aRTL _cRTL _beng |
||
| 041 |
_2eng _aeng |
||
| 082 | _aX9(J):9.44Q71.N9, N8 | ||
| 100 |
_aDatta Anjan Kumar _9325539 |
||
| 245 | 0 | _aLand and labour relaitons in Sounth West Banglades | |
| 260 |
_aNew York _bSt Martin Press USA _c1998 |
||
| 300 |
_axvi, 282p. _ccm. |
||
| 490 | _aInstitute of social studies | ||
| 650 |
_aLabour _9232562 |
||
| 942 |
_hX9(J):9.44Q71.N9, N8 _cGB _2CC |
||
| 999 |
_c635410 _d635410 |
||